শেখ কামাল: (Record no. 11598)
[ view plain ]
| 000 -LEADER | |
|---|---|
| fixed length control field | 00731nam a2200241 a 4500 |
| 001 - CONTROL NUMBER | |
| JCCL Control Number | 11598 |
| 003 - CONTROL NUMBER IDENTIFIER | |
| JCCL marc code | BD-JhCC |
| 005 - DATE AND TIME OF LATEST TRANSACTION | |
| control field | 20200705085046.0 |
| 008 - FIXED-LENGTH DATA ELEMENTS--GENERAL INFORMATION | |
| fixed length control field | 200705b2020 bg a|||| ||a| 000 0 ben d |
| 020 ## - INTERNATIONAL STANDARD BOOK NUMBER | |
| International Standard Book Number | 9789845100618 |
| 035 ## - SYSTEM CONTROL NUMBER | |
| system control number | (BD-JhCC)11598 |
| 040 ## - CATALOGING SOURCE | |
| Original cataloging agency | BD-JhCC |
| Modifying agency | BD-JhCC |
| 041 ## - LANGUAGE CODE | |
| Language code of Book | ben |
| 082 ## - DEWEY DECIMAL CLASSIFICATION NUMBER | |
| Classification number | 796.0922 |
| Author mark and Year | BAB 2020 |
| 100 ## - MAIN ENTRY--PERSONAL NAME | |
| Personal name | বাবলা, সনৎ |
| 245 ## - TITLE STATEMENT | |
| Title | শেখ কামাল: |
| Remainder of title | ক্রীড়াঙ্গনের ধূমকেতু / |
| Statement of responsibility, etc | সনৎ বাবলা । |
| 260 ## - PUBLICATION, DISTRIBUTION, ETC. (IMPRINT) | |
| Place of publication, distribution, etc | ঢাকা: |
| Name of publisher, distributor, etc | কথাপ্রকাশ; |
| Date of publication, distribution, etc | ২০২০. |
| 300 ## - PHYSICAL DESCRIPTION | |
| Pagination | 111 p. : |
| Other physical details | ill; |
| Dimensions | 22 cm. |
| 650 ## - SUBJECT ADDED ENTRY--TOPICAL TERM | |
| Topical term or geographic name as entry element | Sports Man |
| Form subdivision | Biography |
| 650 ## - SUBJECT ADDED ENTRY--TOPICAL TERM | |
| Topical term or geographic name as entry element | Athletes |
| 942 ## - ADDED ENTRY ELEMENTS (KOHA) | |
| Source of classification or shelving scheme | Dewey Decimal Classification |
| Koha item type | Books |
| Source of classification or shelving scheme | Damaged status | Not for loan | Home library | Current library | Shelving location | Date of accession | Cost, normal purchase price | Total Checkouts | Full call number | Barcode | Date last seen | Copy number | Koha item type |
|---|---|---|---|---|---|---|---|---|---|---|---|---|---|
| Dewey Decimal Classification | JCC Rouf Library | JCC Rouf Library | General Stacks | 07/05/2020 | 150.00 | 796.0922 BAB 2020 | 15883 | 07/05/2020 | C-1 | Books |